Implementing change in nursing / (Record no. 1378)

MARC details
000 -LEADER
fixed length control field 00854nam a2200289 i 4500
005 - DATE AND TIME OF LATEST TRANSACTION
control field 20260322212058.0
008 - FIXED-LENGTH DATA ELEMENTS--GENERAL INFORMATION
fixed length control field data
010 ## - LIBRARY OF CONGRESS CONTROL NUMBER
LC control number 80016576
020 ## - INTERNATIONAL STANDARD BOOK NUMBER
International Standard Book Number 0801634768 (pbk.)
020 ## - INTERNATIONAL STANDARD BOOK NUMBER
International Standard Book Number 9780801634765 (pbk.)
050 0# - LIBRARY OF CONGRESS CALL NUMBER
Classification number RT86.5
Item number .M38
060 ## - NATIONAL LIBRARY OF MEDICINE CALL NUMBER
Classification number WY86 M449i
096 ## - LOCALLY ASSIGNED NLM-TYPE CALL NUMBER (OCLC)
Classification number WY 86 M449i 1981
001 - CONTROL NUMBER
control field data
100 1# - MAIN ENTRY--PERSONAL NAME
Personal name Mauksch, Ingeborg G.
245 10 - TITLE STATEMENT
Title Implementing change in nursing /
Statement of responsibility, etc. Ingeborg G. Mauksch, Michael H. Miller.
260 ## - PUBLICATION, DISTRIBUTION, ETC.
Place of publication, distribution, etc. St. Louis :
Name of publisher, distributor, etc. C. V. Mosby,
Date of publication, distribution, etc. 1981.
300 ## - PHYSICAL DESCRIPTION
Extent xii, 195 p. :
Other physical details ill. ;
Dimensions 24 cm.
500 ## - GENERAL NOTE
General note Includes index.
504 ## - BIBLIOGRAPHY, ETC. NOTE
Bibliography, etc. note Bibliography: p. 186-191.
650 #0 - SUBJECT ADDED ENTRY--TOPICAL TERM
Topical term or geographic name entry element Nursing
General subdivision Social aspects.
650 #0 - SUBJECT ADDED ENTRY--TOPICAL TERM
Topical term or geographic name entry element Nursing service administration.
650 #0 - SUBJECT ADDED ENTRY--TOPICAL TERM
Topical term or geographic name entry element Organizational change.
650 #2 - SUBJECT ADDED ENTRY--TOPICAL TERM
Topical term or geographic name entry element Philosophy, Nursing.
650 #2 - SUBJECT ADDED ENTRY--TOPICAL TERM
Topical term or geographic name entry element Social change
General subdivision Nursing texts.
700 1# - ADDED ENTRY--PERSONAL NAME
Personal name Miller, Michael H.,
Dates associated with a name 1942-
Holdings
Withdrawn status Lost status Damaged status Not for loan Home library Current library Shelving location Date acquired Total checkouts Full call number Barcode Date last seen Price effective from Koha item type
        Franklin Franklin General stacks 22/03/2026   RT86.5 .M38 BC0011424 22/03/2026 22/03/2026 Books